| 000 | 00521nam a2200205Ia 4500 | ||
|---|---|---|---|
| 008 | 170918s9999 xx 000 0 und d | ||
| 020 | _a9780439917643 | ||
| 050 | _bC255 2001 | ||
| 100 | _a Capucilli, Alyssa Satin | ||
| 245 | _aBiscuit wants to play / | ||
| 245 | _cAlyssa Satin Capucilli ; pictures Pat Schories. | ||
| 260 | _aNew York : | ||
| 260 | _bScholastic, | ||
| 260 | _c2001 | ||
| 300 | _aunpaged : | ||
| 300 | _bcolored illustration ; | ||
| 300 | _c23cm. | ||
| 440 | _aI can read! | ||
| 500 | _a20 | ||
| 999 |
_c341211 _d341211 |
||